| 000 | 00621nam a2200217 i 4500 | ||
|---|---|---|---|
| 001 | bg | ||
| 100 | 1 | _aPIECHNA, Janusz R. | |
| 245 | 1 | 0 |
_aProgramowanie w języku Fortran 90 / _cJanusz R. Piechna. |
| 260 |
_aWarszawa : _bOficyna Wydawnicza Politechniki Warszawskiej, _c1997. |
||
| 300 |
_a133, [1] s. : _bwykr. ; _c24 cm. |
||
| 504 | _aBibliogr. s. 132. - Indeks. | ||
| 650 | 9 | _aFORTRAN | |
| 655 | _aPodręczniki akademickie | ||
| 020 | _a8387012998 | ||
| 040 | _cBPK | ||
| 041 | 0 | _apl | |
| 080 | _a004.438(075.8)Fortran | ||
| 920 | _a83-87012-99-8 | ||
| 942 | _cKS | ||
| 008 | s pl f |000 0 pol | ||
| 999 |
_c36944 _d36944 |
||
| 856 |
_uhttp://koha.tu.koszalin.pl/cgi-bin/koha/opac-detail.pl?biblionumber=36944 _yKatalog online BPK |
||